Top 30 countries with Rodriguez as a surname - Statistics

General Stats
  • This quiz has been taken 111 times
  • The average score is 23 of 30
Answer Stats
Population Answer % Correct
1,741,540 Mexico
98%
347,722 Argentina
97%
930,332 Spain
97%
698,739 United States of America
97%
105,065 Chile
96%
36,283 Brazil
94%
765,181 Colombia
94%
55,736 Uruguay
91%
77,604 Bolivia
90%
8,621 Canada
90%
117,432 Ecuador
90%
44,112 Paraguay
90%
136,724 Honduras
89%
280,067 Peru
89%
301,136 Cuba
88%
64,132 Panama
88%
32,464 France
86%
100,934 Nicaragua
86%
82,949 El Salvador
85%
102,497 Costa Rica
83%
135,978 Guatemala
82%
231,371 Dominican Republic
80%
7,597 Haiti
72%
8,432 Italy
70%
8,185 England
39%
3,088 Morocco
37%
594,652 Venezuela
35%
4,150 Switzerland
30%
118,311 Puerto Rico
20%
4,814 Mozambique
11%
No matching quizzes found
Score Distribution
Percent of People with Each Score
Percentile by Number Answered
Your Score History
You have not taken this quiz